| 000 | 00886nam a22002297a 4500 | ||
|---|---|---|---|
| 999 |
_c5885 _d5885 |
||
| 003 | AR-CdUCM | ||
| 008 | 190313b ||||| |||| 00| 0 spa d | ||
| 040 |
_aMUNICIPALIDAD PROVINCIAL DEL CUSCO _cBIBLIOTECA MUNICIPAL DEL CUSCO |
||
| 082 |
_a373.35 / _bM3 |
||
| 110 |
_aCasa de la Cultura del Perú _96211 |
||
| 245 | _aMesa redonda sobre el monolingüísmo Quechua y Aymara y la educación en el Perú / | ||
| 260 |
_aLima : _bEdiciones de la Casa de la Cultura del Perú, _c1966. |
||
| 300 |
_a143 páginas ; _c24 cm. |
||
| 440 |
_aDocumentos regionales de la etnohistoria _n : N° 2 _917357 |
||
| 500 | _aDonación de la familia. | ||
| 650 |
_aQuechua y aymara - Educación _917358 |
||
| 650 |
_aEducación - Perú _91559 |
||
| 650 |
_aLengua Quechua - Perú - Educación _917359 |
||
| 650 |
_aLengua aymara - Perú - Educación _917360 |
||
| 942 |
_2ddc _cLIBROS |
||
| 945 | _alccs | ||